000 01367nam a2200301 i 4500
003 EG-GICUC
005 20260313125959.0
008 260313s1960 ua ||||fr|||| 00| 0 ara d
040 _a EG-GICUC
_bara
_c EG-GICUC
_d EG-GICUC
_erda
041 _aara
082 0 4 _221
_a343.422
_bم ر . أ
092 0 4 _221
099 _aLaw1 10 343.422 م ر . أ 1960
110 2 _aالمركز القومى للبحوث الاجتماعية والجنائية
_eمؤلف.
245 1 0 _aأضواء على مشكلة ممارسة البغاء :
_bبحث تحليلي لعينة من حالات البغايا /
_cالمركز القومى للبحوث الاجتماعية والجنائية، بحث البغاء فى مدينة القاهرة.
264 1 _aالقاهرة :
_bالمركز القومى للبحوث الاجتماعية والجنائية،
_c1960.
300 _a174 صفحة ;
_c24 سم.
336 _2rda content
_atext
337 _2rda media
_aComputer
338 _2rda carrier
_aOnline Resource
546 _aالنص باللغة العربية
650 1 _aالقانون الجنائي
650 1 _aالتشريعات الجنائية الخاصة
650 1 _a التشريعات المتعلقة بالدعارة والبغاء
856 4 0 _uhttps://fll.law.cu.edu.eg/fulltext/bks/B10-06322.pdf
905 _a43
942 _2ddc
_n0
_cBK
_e21
999 _c66296
_d66296